000 00443nam a2200193Ia 4500
999 _c16225
_d16225
003 0100
005 20170901122954.0
008 130303s9999 xx 000 0 und d
020 _a0133191788
040 _cARRUPELIB
050 _aBF723.I6W46 1975
100 _aWhite, Burton L
_935387
245 4 _aThe first three years of life
_cBurton L. White
260 _aEnglewood Cliffs, N.J
_bPrentice-Hall Inc.
_c1978
300 _axiii, 285p. ;
_c 24cm.
650 _aInfant psychology
_935520
942 _2lcc
_cMONOGRAPH